| 000 | 01183nam0a22003011 4500 | ||
|---|---|---|---|
| 001 | rc\3735604 | ||
| 005 | 20241223152125.0 | ||
| 021 |
_aRU _b[72-16293] |
||
| 035 | _a(NLR Aleph) 007868194 | ||
| 090 |
_a7840330 _c7840330 |
||
| 100 | _a20130115d1972 |||y0rusy50 ca | ||
| 101 | 0 | _arus | |
| 102 | _aRU | ||
| 105 | _ay z ||||| | ||
| 200 | 1 | _aАллергические заболевания у детей | |
| 210 |
_aМосква _cЗнание _d1972 |
||
| 215 |
_a48 с. _d22 |
||
| 225 | 1 |
_aНовое в жизни, науке, технике _iСерия "Медицина" _v3 |
|
| 300 | _aПеред загл. авт.: Т.С. Соколова, д-р мед. наук, И.И. Степанова, канд. мед. наук | ||
| 606 |
_aАллергические болезни у детей _2psbo |
||
| 700 | 1 |
_aСоколова _bТ. С. _cд-р мед. наук, аллергология _f1919-2009 _gТатьяна Сергеевна _3RU\NLR\AUTH\770275376 |
|
| 701 | 1 |
_aСтепанова _bИ. И. _gИрина Ивановна |
|
| 801 | 0 |
_aRU _bNLR _gpsbo |
|
| 801 | 1 |
_aRU _bELAR _2rusmarc |
|
| 852 |
_aNLR _j72-6/2308 |
||
| 942 | _cBOOK | ||
| 980 | _aNB | ||